Word Chain 2 - Statistics

General Stats
  • This quiz has been taken 302 times
  • The average score is 19 of 54
Answer Stats
Hint Answer % Correct
A brief, strong rush of wind. GUST
87%
Coming after all others in time or order. LAST
63%
The natural satellite of the earth. MOON
63%
To come apart or split open. BUST
59%
A young horse or related animal. FOAL
59%
Exert force on someone or something. PUSH
58%
An explosive device. BOMB
57%
To strike (someone) with a whip or stick. LASH
57%
The object of a person's ambition or effort. GOAL
56%
To make a long, low sound expressing physical or mental suffering or sexual pleasure. MOAN
55%
A part or division of a building enclosed by walls, floor, and ceiling. ROOM
55%
A device or implement used to carry out a particular function. TOOL
52%
A person who acts unwisely or imprudently. FOOL
51%
Elegant or stylishly luxurious. POSH
51%
To move about or travel aimlessly. ROAM
51%
A hinged, sliding, or revolving barrier at the entrance to a building. DOOR
50%
Very rich and providing great sensory pleasure. LUSH
50%
A short, sharp sound made by a horn, trumpet, or similar instrument. TOOT
49%
A mass of small bubbles formed on or in liquid. FOAM
47%
A loud, deep, resonant sound. BOOM
45%
Death, destruction, or some other terrible fate. DOOM
44%
A small vessel for travel on water. BOAT
43%
A thing that is borrowed, LOAN
43%
A deep, wide trench filled with water around a castle. MOAT
43%
After in time or order. POST
42%
Fertile soil of clay and sand containing humus. LOAM
40%
The vascular tissue of a plant. BAST
38%
A tract of open uncultivated upland. MOOR
37%
A place of interment. TOMB
34%
An unrefined, ill-mannered person. BOOR
33%
Break wind. POOT
33%
12 o'clock at midday. NOON
31%
A silly or foolish person. LOON
28%
A thoroughfare, route, or way on land between two places. ROAD
27%
A nickname for Thadeus. THAD
24%
To talk in an informal or familiar manner. CHAT
22%
Past tense and past participle of the act of defecation. SHAT
22%
An unpleasant person. TOAD
19%
A stupid awkward person. BOOB
18%
Small pieces of paper or cardboard produced in punching paper tape or data cards CHAD
18%
Without undue time lapse. SOON
18%
A skin test used to confirm or rule out the presence of allergic contact dermatitis. ROAT
16%
Furnished or equipped with a shoe. SHOD
16%
Soft flexible leather made from sheepskin. ROAN
15%
A timely benefit. BOON
13%
Obsolete form of gore (dirt, mud). GOAR
13%
A full, deep, prolonged cry. ROAR
13%
In Philippine culture it refers to one's inner self. LOOB
12%
A directed propelling of a missile. SHOT
11%
The fine powder consisting chiefly of carbon that colors smoke. SOOT
11%
A region of Jordan east of the Dead Sea. MOAB
10%
Short for an insult regarding mammary glands and bovines. TOAB
8%
Any of several fishes of the herring family. SHAD
6%
To scratch or rub. SHAB
2%
No matching quizzes found
Score Distribution
Percent of People with Each Score
Percentile by Number Answered
Your Score History
You have not taken this quiz